The Indian political service: (Record no. 18505)

MARC details
000 -LEADER
fixed length control field 00882nam a2200289 4500
001 - CONTROL NUMBER
control field 3148454
003 - CONTROL NUMBER IDENTIFIER
control field BDDh-ASL
005 - DATE AND TIME OF LATEST TRANSACTION
control field 20231015025718.0
008 - FIXED-LENGTH DATA ELEMENTS--GENERAL INFORMATION
fixed length control field 710729s1971 enkbf b 001 0 eng
010 ## - LIBRARY OF CONGRESS CONTROL NUMBER
LC control number 73578956
015 ## - NATIONAL BIBLIOGRAPHY NUMBER
National bibliography number B71-05568
020 ## - INTERNATIONAL STANDARD BOOK NUMBER
International Standard Book Number 0701115793
040 ## - CATALOGING SOURCE
Original cataloging agency DLC
Transcribing agency DLC
Modifying agency BDDh-ASL
043 ## - GEOGRAPHIC AREA CODE
Geographic area code a-ii---
050 00 - LIBRARY OF CONGRESS CALL NUMBER
Classification number JQ215 1783
Item number .C74
082 00 - DEWEY DECIMAL CLASSIFICATION NUMBER
Classification number 954
Item number COI
100 2# - MAIN ENTRY--PERSONAL NAME
Personal name Creagh Coen, Terence,
Titles and words associated with a name Sir,
Dates associated with a name 1903-
245 14 - TITLE STATEMENT
Title The Indian political service:
Remainder of title a study in indirect rule/
Statement of responsibility, etc. by Terence Creagh Coen.
260 ## - PUBLICATION, DISTRIBUTION, ETC.
Place of publication, distribution, etc. London:
Name of publisher, distributor, etc. Chatto & Windus,
Date of publication, distribution, etc. 1971.
300 ## - PHYSICAL DESCRIPTION
Extent x, 291 p., 2 fold. plates. :
Other physical details 2 maps.;
Dimensions 23 cm.
350 ## - PRICE (NR) (BK AM CF MU VM SE) [OBSOLETE]
Price £3.15
500 ## - GENERAL NOTE
General note Map on lining papers.
504 ## - BIBLIOGRAPHY, ETC. NOTE
Bibliography, etc. note Bibliography: p. 269-275.
651 #0 - SUBJECT ADDED ENTRY--GEOGRAPHIC NAME
Geographic name India
General subdivision Politics and government
Chronological subdivision 1765-1947.
906 ## - LOCAL DATA ELEMENT F, LDF (RLIN)
a 7
b cbc
c orignew
d 3
e ncip
f 19
g y-gencatlg
942 ## - ADDED ENTRY ELEMENTS (KOHA)
Source of classification or shelving scheme Dewey Decimal Classification
Koha item type Books
Holdings
Withdrawn status Lost status Source of classification or shelving scheme Damaged status Not for loan Collection code Home library Current library Shelving location Date acquired Source of acquisition Total Checkouts Full call number Barcode Date last seen Copy number Price effective from Koha item type Public note
    Dewey Decimal Classification   Not For Loan Non-fiction Asiatic Society Library Asiatic Society Library Harrison Collection 10/12/2020 Donated by Prof. John B. Harrison   954 COI 101697 10/12/2020 C-1 10/12/2020 Books RARE

Powered by Koha